[Event "ESP-ch U12"]
[Site "Padron"]
[Date "2011.07.07"]
[Round "5"]
[White "Miguens Mata, Jose Luis"]
[Black "Recuna Aranda, Miguel"]
[Result "1-0"]
[WhiteElo "1469"]
[BlackElo "1683"]
[PlyCount "39"]
[EventDate "2011.07.05"]
[EventType "swiss"]
[EventRounds "9"]
[EventCountry "ESP"]
[SourceTitle "EXT 2012"]
[Source "ChessBase"]
[SourceDate "2011.11.24"]
[SourceVersion "1"]
[SourceVersionDate "2011.11.24"]
[SourceQuality "1"]

1. e4 d5 2. exd5 Nf6 3. Nf3 Qxd5 4. Nc3 Qh5 5. Nb5 Na6 6. d4 Bg4 7. Bf4 Nd5 8. Bg3 c6 9. Na3 e6 10. Bxa6 bxa6 11. Nc4 Rd8 12. Nce5 Bxf3 13. Qxf3 Qxf3 14. Nxf3 c5 15. 0-0-0 cxd4 16. Rxd4 a5 17. Rhd1 Bc5 18. R4d3 0-0 19. c4 Rb8 20. Bxb8 1-0